20 Smallest countries by land area - Statistics

General Stats
  • This quiz has been taken 23 times
  • The average score is 12 of 20
Answer Stats
Hint Answer % Correct
<1 Vatican City
100%
160 Liechtenstein
95%
61 San Marino
91%
468 Andorra
77%
2 Monaco
73%
21 Nauru
73%
459 Palau
73%
616 Saint Lucia
68%
710 Singapore
68%
442 Antigua and Barbuda
59%
316 Malta
59%
261 Saint Kitts and Nevis
59%
389 Saint Vincent and the Grenadines
59%
26 Tuvalu
55%
430 Barbados
45%
344 Grenada
41%
452 Seychelles
41%
181 Marshall Islands
36%
702 The F.S. of Micronesia
36%
300 The Maldives
32%
No matching quizzes found
Score Distribution
Percent of People with Each Score
Percentile by Number Answered
Your Score History
You have not taken this quiz